000 004490000a22001810004500
003 MACL
005 20151230171317.0
008 151230b xxu||||| |||| 00| 0 eng d
040 _aMACL
_cMACL
041 _aEnglish
082 _a294.551/PAT
100 _aPatni, B
_925303
245 _aSiva Purana
_bA Poetic Analysis
260 _bAjanta Publications
_c1980
_aDelhi
350 _a80
650 _aReligion
_925304
942 _cBK
_k294.551/PAT
_2ddc
999 _c33888
_d33888